Logo CIB grande

INTRODUCTION TO FINANCIAL ACCOUNTING (Registro nro. 228128)

Detalles MARC
000 -LEADER
campo de control de longitud fija 00580nam a2200229Ia 4500
005 - FECHA Y HORA DE LA ÚLTIMA TRANSACCIÓN
campo de control 20250425162402.0
008 - DATOS DE LONGITUD FIJA--INFORMACIÓN GENERAL
campo de control de longitud fija 250425s9999 xx 000 0 und d
020 ## - NÚMERO INTERNACIONAL ESTÁNDAR DEL LIBRO
Número Internacional Estándar del Libro 0131479725
041 ## - CÓDIGO DE IDIOMA
Código de lengua del texto/banda sonora o título independiente eng
082 ## - NÚMERO DE LA CLASIFICACIÓN DECIMAL DEWEY
Número de clasificación 657.48
010 ## - NÚMERO DE CONTROL DE LA BIBLIOTECA DEL CONGRESO
Número de control de LC 67950
100 ## - ENTRADA PRINCIPAL--NOMBRE DE PERSONA
Nombre de persona HORNGREN, CHARLES T.
245 #0 - MENCIÓN DEL TÍTULO
Título INTRODUCTION TO FINANCIAL ACCOUNTING
250 ## - MENCION DE EDICION
Mención de edición 9TH ED.
260 ## - PUBLICACIÓN, DISTRIBUCIÓN, ETC.
Lugar de publicación, distribución, etc. Estados Unidos
Nombre del editor, distribuidor, etc. PEARSON PRENTICE HALL
Fecha de publicación, distribución, etc. 2006
260 ## - PUBLICACIÓN, DISTRIBUCIÓN, ETC.
Lugar de publicación, distribución, etc. S.L.
300 ## - DESCRIPCIÓN FÍSICA
Extensión 598
650 ## - PUNTO DE ACCESO ADICIONAL DE MATERIA--TÉRMINO DE MATERIA
Término de materia o nombre geográfico como elemento de entrada CONTABILIDAD FINANCIERA
650 ## - PUNTO DE ACCESO ADICIONAL DE MATERIA--TÉRMINO DE MATERIA
Término de materia o nombre geográfico como elemento de entrada ESTADOS FINANCIEROS
710 ## - ENTRADA AGREGADA--NOMBRE DE ENTIDAD CORPORATIVA
Nombre de entidad corporativa o nombre de jurisdicción como elemento de entrada PEARSON PRENTICE HALL
942 ## - ELEMENTOS DE ENTRADA SECUNDARIOS (KOHA)
Tipo de ítem Koha Libros
Existencias
Estatus retirado Estado de pérdida Estado de daño No para préstamo Biblioteca de origen Biblioteca actual Ubicación en estantería Fecha de adquisición Coste, precio normal de compra Total de préstamos Código de barras Copia número Nota pública
        ESCUELA DE NEGOCIOS ESCUELA DE NEGOCIOS   15/09/2009 198.00   CP-12566 1 COMPRA

Copyright 2025 ESPOL. Todos los derechos reservados.